Conformational Motion and Disorder in Low and High Molecular Mass Crystals

Gespeichert in:
Bibliographische Detailangaben
Format: Buch
Sprache:Englisch
Veröffentlicht: Berlin : Springer Verlag, 1988
Schriftenreihe:Advances in Polymer Science Vol.87
Tags: Tag hinzufügen
Keine Tags, Fügen Sie das erste Tag hinzu!

MARC

LEADER 00000nam a22000003a 4500
001 stu22166
005 20150408181340.0
008 940125s1988----gw------------------eng-d
020 |a 3-540-18976-9 
040 |a STU  |b slo 
041 0 |a eng 
044 |a gw 
080 |a 548.52 
245 |a Conformational Motion and Disorder in Low and High Molecular Mass Crystals 
260 |a Berlin :  |b Springer Verlag,  |c 1988 
300 |a 137 s :  |b Tab.,grafy,lit.,index 
830 0 |a Advances in Polymer Science  |v Vol.87 
996 |b C92493  |c C*92493  |l CCXIII  |s P  |a 0  |w stu22166_0001